000 00782nam a2200241 a 4500
001 BRCA_5014
005 20190320204913.0
008 291010s1936----au-a######---#000-0#ger-#
041 _ager
044 _aau
050 4 _aND588.D8
_b.J87 1936
100 1 _aJuraschef, Franz von
_912793
245 1 0 _aAlbrecht Dürer
_bGemalde Kupferstiche Holzscnitte Handzeichnungen
_cherausgebeben von Dr. Franz von Juraschef.
260 _aViena, Austria
_bKrystall
_c1936
300 _a61 p.
_bil. (algunas a color)
_c31 cm.
500 _aIncluye 331 ilustraciones en su mayor parte del tamaño del original
500 _aD113
600 1 4 _aDurero, Alberto
_d1471-1528
_910301
650 1 4 _aPintores alemanes
_9797
650 1 4 _aGrabadores alemanes
_97216
902 _aGFM
942 _2lcc
_cB
999 _c4708
_d4708